Statistics for Lyrics: Butter - BTS

Click here to take the quiz!

General Stats

  • This quiz has been taken 165 times
  • The average score is 283 of 373

Answer Stats

Answer% Correct
butter
99%
Smooth
99%
like
99%
Smooth
99%
a
97%
A
97%
criminal
95%
I
95%
go
94%
that
94%
undercover
92%
you
92%
You
92%
me
91%
my
91%
to
91%
be
87%
in
87%
the
87%
heart
86%
it
86%
into
85%
right
85%
your
85%
Cool
84%
cool
84%
mirror
84%
gon'
83%
Oh
83%
"Oh
83%
baby
82%
left
82%
beat
80%
break
80%
do
80%
let
80%
Let
80%
so
80%
Hot
79%
look
79%
no
79%
step
79%
got
78%
Got
78%
mother
78%
pop
78%
two
78%
with
78%
moon
77%
superstar
77%
shade
76%
summer
76%
when
76%
Get
75%
get
75%
rock
75%
roll
75%
side
74%
Side
74%
yeah
72%
glow
71%
trouble
71%
us
70%
I'm
69%
melt
69%
show
69%
stunner
68%
Don't
67%
don't
67%
High
67%
Know
67%
know
67%
other
66%
is
64%
talk
64%
breaking
63%
boogie
62%
heat
62%
Making
62%
making
62%
down
61%
we
61%
We
61%
'cause
60%
cheap
60%
on
59%
sweat
59%
All
57%
all
57%
And
57%
and
57%
guy
56%
need
56%
nice
56%
pull
56%
Usher
55%
I'll
54%
say
54%
ARMY
53%
bad
51%
Ice
51%
mind
51%
body
49%
make
49%
owe
49%
ain't
48%
Ain't
48%
up
48%
love
48%
up
48%
wrist
48%
god"
45%
remind
45%
hate
44%
robber
43%
can
41%
cooler
41%
Hotter
41%
stop
41%
sweeter
41%
ya
41%
fall
40%
party
40%
behind
38%
sweep
36%
low
34%
vibe
34%
Straight
33%
lay
30%
Let's
29%
Rolling
29%
boy
28%
Fresh
23%
You'll
23%
bass
22%
bounce
22%
moving
17%
players
15%

Score Distribution

Percentile by Number Answered

Percent of People with Each Score

Your Score History

You have not taken this quiz